000 00706nam a2200289Ia 4500
005 20260324120810.0
008 008 260324s9999 xx 000 0 eng d
020 _a9781315850238
037 _aEBOOK
040 _aCRL
040 _beng
040 _cCRL
041 _2eng
041 _aeng
084 _qCRL
100 _aClaire Taylor
_91077729
245 0 _aPlace and Politics in Latin American Digital Culture
245 0 _bLocation and Latin American Net Art
260 _bTaylor and Francis
260 _c2014
365 _a
365 _b240
856 _uhttp://www.taylorfrancis.com/books/9781315850238
942 _cEBOOK
999 _c1751726
_d1751726